Konvergencie v telekomuinikačných sieťach

Saved in:
Bibliographic Details
Main Author: Štrba, Jaroslav (Author)
Other Authors: Baroňák, Ivan, 1955- (Thesis advisor)
Format: Manuscript Book
Language:Slovak
Published: Bratislava : STU v Bratislave FEI, 2008
Subjects:
Tags: Add Tag
No Tags, Be the first to tag this record!

MARC

LEADER 00000ntm a22000003a 4500
001 stu170858
005 20160719165101.2
008 080930s2008------------------------slo-d
040 |a STU  |b slo 
041 0 |a slo 
100 1 |a Štrba, Jaroslav  |4 aut 
245 1 |a Konvergencie v telekomuinikačných sieťach 
260 |a Bratislava :  |b STU v Bratislave FEI,  |c 2008 
300 |a 103 s 
650 7 |a Telekomunikácie  |2 stusub 
650 7 |a telekomunikačné siete  |2 stusub 
700 1 |a Baroňák, Ivan,  |d 1955-  |4 ths  |u E070  |U FEI Fakulta elektrotechniky a informatiky  |T FEI Ústav telekomunikácií  |X 1925  |U E070  |Y 818  |7 A000001925